000 00972nam a2200313Ia 4500
000 nam a22 i 4500
001 UNACH-5924
007 ta
008 221212s ||||fr|||| 00| | spa d
020 _a978-6-03-403401-3
041 0 _aspa
082 0 4 _a005.3
_bProgramas - Software
100 1 _aVillalobos, Ricardo Marcelo,
_eautor
245 1 0 _aFundamentos de programación Java
250 _a1a ed
264 3 1 _a[Lima] :
_aPerú :
_bMacro E.I.R.L.,
_c2008
300 _a303 páginas :
_bilustraciones, gráficos, tablas +
_eCD-Rom
336 _atexto
_btxt
_2rdacontent
337 _ano mediado
_bn
_2rdamedia
338 _avolumen
_bnc
_2rdacarrier
504 _aIncluye índice.
505 0 _aFundamentos de programación.-- Estructura secuencial.-- Estructura selectiva simple y doble.-- Subalgoritmo.
650 1 4 _aESTRUCTURA
650 2 4 _aALGORITMO
650 2 4 _aPROGRAMACIÓN
653 0 _aProgramas - Software
942 _2ddc
_c1
_n0
999 _c4795
_d4795